|
|
|
|
| LEADER |
03267nam a2200577 4500 |
| 001 |
978-3-319-66532-0 |
| 003 |
DE-He213 |
| 005 |
20191022032331.0 |
| 007 |
cr nn 008mamaa |
| 008 |
180621s2018 gw | s |||| 0|eng d |
| 020 |
|
|
|a 9783319665320
|9 978-3-319-66532-0
|
| 024 |
7 |
|
|a 10.1007/978-3-319-66532-0
|2 doi
|
| 040 |
|
|
|d GrThAP
|
| 050 |
|
4 |
|a QC801-809
|
| 072 |
|
7 |
|a PHVG
|2 bicssc
|
| 072 |
|
7 |
|a SCI032000
|2 bisacsh
|
| 072 |
|
7 |
|a PHVG
|2 thema
|
| 082 |
0 |
4 |
|a 550
|2 23
|
| 082 |
0 |
4 |
|a 526.1
|2 23
|
| 100 |
1 |
|
|a Hajian, Alireza.
|e author.
|4 aut
|4 http://id.loc.gov/vocabulary/relators/aut
|
| 245 |
1 |
0 |
|a Application of Soft Computing and Intelligent Methods in Geophysics
|h [electronic resource] /
|c by Alireza Hajian, Peter Styles.
|
| 250 |
|
|
|a 1st ed. 2018.
|
| 264 |
|
1 |
|a Cham :
|b Springer International Publishing :
|b Imprint: Springer,
|c 2018.
|
| 300 |
|
|
|a XVII, 533 p. 410 illus., 247 illus. in color.
|b online resource.
|
| 336 |
|
|
|a text
|b txt
|2 rdacontent
|
| 337 |
|
|
|a computer
|b c
|2 rdamedia
|
| 338 |
|
|
|a online resource
|b cr
|2 rdacarrier
|
| 347 |
|
|
|a text file
|b PDF
|2 rda
|
| 490 |
1 |
|
|a Springer Geophysics,
|x 2364-9119
|
| 505 |
0 |
|
|a Neural networks :concepts /applications in: Seismic,EM,Gravity,VLF,conductivity,GPR -- Fuzzy logic:concepts /applications in: Seismic,EM,Gravity,VLF,conductivity,GPR -- Neuro-fuzzy concepts /applications in: Seismic,EM,Gravity,VLF,conductivity,GPR -- Genetic Algorithm: concepts /applications in: Seismic,EM,Gravity,VLF,conductivity,GPR -- Future of soft computing methods in geophysics. .
|
| 520 |
|
|
|a This book provides a practical guide to applying soft-computing methods to interpret geophysical data. It discusses the design of neural networks with Matlab for geophysical data, as well as fuzzy logic and neuro-fuzzy concepts and their applications. In addition, it describes genetic algorithms for the automatic and/or intelligent processing and interpretation of geophysical data.
|
| 650 |
|
0 |
|a Geophysics.
|
| 650 |
|
0 |
|a Geotechnical engineering.
|
| 650 |
|
0 |
|a Mathematical physics.
|
| 650 |
|
0 |
|a Computer science-Mathematics.
|
| 650 |
|
0 |
|a Artificial intelligence.
|
| 650 |
1 |
4 |
|a Geophysics/Geodesy.
|0 http://scigraph.springernature.com/things/product-market-codes/G18009
|
| 650 |
2 |
4 |
|a Geotechnical Engineering & Applied Earth Sciences.
|0 http://scigraph.springernature.com/things/product-market-codes/G37010
|
| 650 |
2 |
4 |
|a Mathematical Applications in the Physical Sciences.
|0 http://scigraph.springernature.com/things/product-market-codes/M13120
|
| 650 |
2 |
4 |
|a Math Applications in Computer Science.
|0 http://scigraph.springernature.com/things/product-market-codes/I17044
|
| 650 |
2 |
4 |
|a Artificial Intelligence.
|0 http://scigraph.springernature.com/things/product-market-codes/I21000
|
| 700 |
1 |
|
|a Styles, Peter.
|e author.
|4 aut
|4 http://id.loc.gov/vocabulary/relators/aut
|
| 710 |
2 |
|
|a SpringerLink (Online service)
|
| 773 |
0 |
|
|t Springer eBooks
|
| 776 |
0 |
8 |
|i Printed edition:
|z 9783319665313
|
| 776 |
0 |
8 |
|i Printed edition:
|z 9783319665337
|
| 776 |
0 |
8 |
|i Printed edition:
|z 9783030097745
|
| 830 |
|
0 |
|a Springer Geophysics,
|x 2364-9119
|
| 856 |
4 |
0 |
|u https://doi.org/10.1007/978-3-319-66532-0
|z Full Text via HEAL-Link
|
| 912 |
|
|
|a ZDB-2-EES
|
| 950 |
|
|
|a Earth and Environmental Science (Springer-11646)
|